000
00235nam a2200097Ia 4500
001
642023
005
20250826153518.0
008
250824s9999 xx 000 0 und d
245
0
_a
MACERA VAGONU
_c
ESRA KİREÇCİ
260
_b
GENÇ TİMAŞ
999
_c
642023
_d
642023